000 00517nam a2200205Ia 4500
003 OSt
005 20230425091846.0
008 210423s2013 xx 000 0 und d
020 _a9789350517697
040 _cAL
041 _aeng
082 _a519.5 GUPS
_223
100 _aGUPTA (S C).
_990656
245 _aFundamentals of statistics.
260 _aNew Delhi
_bHimalaya Publishing House
_c2013
300 _axxvi,27.31
_bPB
365 _b525
_cINR
906 _aFundamentals ; statistics.
942 _2ddc
_cBK
999 _c161533
_d161533